00975nam a22001577a 4500003000900000005001700009008004100026040001300067100003700080245006100117250001100178260008100189300001800270490007100288520045800359IT-RoPau20220918181105.0130508b xxu||||| |||| 00| 0 eng d cIT-RoPau aCentro di Spiritualità Paolina aSupplemento a "Camminiamo anche noi in novità di vita" a1° ed aAriccia (Roma)bCentro di Spiritualità Paolina - Casa Divino Maestroc1979 a20 pp.c33 cm a"Camminiamo anche noi in novità di vita"vn° 3 - Febbraio 1979 aSommario I. Discepoli di Cristo, per imparare a pregare" II. Con la Bibbia "E' tutto l'essere che prega" III. Gesù Cristo: Incontro radicale dell'essere umano con Dio IV. Liturgia: Le dimensioni della preghiera in Cristo V. Preghiera biblica di Maria VI. Spazio vitale per la preghiera: Sapienza - Contemplazione VII. Prgehiera integrale dell'uomo di azione VIII. La preghiera dell'Apostolo Paolo IX. "Mettere innanzi a Dio tutto il nostro essere"